Loreto College Library, Kolkata
WEBOPAC (ONLINE PUBLIC ACCESS CATALOGUE)

Using 1-2-3 (Record no. 22965)

MARC details
000 -LEADER
fixed length control field 00502nam a2200193Ia 4500
008 - FIXED-LENGTH DATA ELEMENTS--GENERAL INFORMATION
fixed length control field 131103s9999 xx 000 0 und d
020 ## - ISBN | অাই এস বি এন
ISBN | অাই এস বি এন 9813091134
040 ## - CATALOGING SOURCE
Original cataloging agency Loreto College
041 ## - LANGUAGE CODE
Language code English
082 ## - DDC | ডিউই
Classification number | বর্গসংখ্যা 001.6425/USI
Book Number | গ্রন্থাঙ্ক LCLIB/36208
245 ## - TITLE STATEMENT | অাখ্যা বিবরণী
Title | অাখ্যা Using 1-2-3
260 ## - IMPRINT | প্রকাশনা ক্ষেত্র
Place of publication | প্রকাশ স্থান Singapore
Name of publisher | প্রকাশকের নাম Tech Publication
Date of publication | প্রকাশ কাল 1987
300 ## - PHYSICAL DESCRIPTION |
Page / Vol. No | পৃষ্ঠা / খন্ড সংখ্যা 905p.
440 ## - SERIES STATEMENT |গ্রন্থমালা
Series Title | গ্রন্থমালা অাখ্যা Understanding computers
504 ## - BIBLIOGRAPHY, ETC. NOTE
Bibliography, etc Developent by corporation
650 ## - SUBJECT ADDED ENTRY--TOPICAL TERM | বিষয় শিরোনাম - মূল বিষয়
Topical term | মূল বিষয় Computer
850 ## - HOLDING INSTITUTION
Holding institution LCLIB/001.6425/USI
942 ## - ADDED ENTRY ELEMENTS (KOHA)
Koha item type Books
Holdings
Withdrawn status Lost status Source of classification Damaged status Not for loan Home library Current library Date acquired Total Checkouts Full call number Accession No. Date last seen Price effective from Koha item type
Withdrawn   Dewey Decimal Classification     Loreto College Loreto College 04/11/2013   001.6425/USI LCLIB/36208 B25535 04/11/2013 04/11/2013 Books